000 01275cam a22002891i 4500
003 SA-RiAUC
005 20250714060424.0
008 250711s1988 su g 000r0 ara c
040 _aSA-RiAUC
_bara
_cSA-RiAUC
_erda
082 0 4 _a229.2
_qSA-RiAUC
090 _a229.2
_bا ب ن ك
100 1 _aابن كثير، إسماعيل بن عمر بن كثير،
_d701-774 هجري
_eمؤلف.
245 1 0 _aكتاب فضائل القرآن /
_cللحافظ ابن كثير ؛ تحقيق محمد إبراهيم البنا.
246 3 0 _aفضائل القرآن
250 _aالطبعة الأولى.
264 1 _aجدة، السعودية :
_bدار القبلة للثقافة الإسلامية،
_c1988.
300 _a190 صفحة ؛
_c24 سم
336 _aنص
_btxt
_2rdacontent
_3كتاب
337 _aبدون وسيط
_bn
_2rdamedia
338 _aمجلد
_bnc
_2rdacarrier
500 _aاهداء من المحقق
630 2 7 _aالقرآن
_xفضائل
_2aucut
700 1 2 _iتحقيق لـ (عمل) :
_aابن كثير، إسماعيل بن عمر بن كثير،
_d701-774 هجري.
_tفضائل القرآن
700 1 _aالبنا، محمد إبراهيم،
_d1933-2012
_eمحقق.
942 _2ddc
_cBOOK
_n0
949 _aSA-JeALM
_d250711
_umohamedma123
_n1
999 _c9914
_d9914